| 000 | 00614nam a22002417a 4500 | ||
|---|---|---|---|
| 003 | OSt | ||
| 005 | 20140310181751.0 | ||
| 008 | 130627t xxu||||| |||| 00| 0 eng d | ||
| 050 |
_aGV 1703 _b.Aq657 1960 |
||
| 082 |
_aFIL 793.3 _bAq56 1985 |
||
| 100 | _aAquino, Francisca Reyes | ||
| 245 |
_aPhilippine folk dances / _cFrancisca Reyes Aquino. |
||
| 260 |
_aManila, Philippines _bKayumanggi Press Inc., _c1975. |
||
| 300 |
_axi, 121 p. : _bill. ; _c27 cm. |
||
| 562 | _e1 | ||
| 942 |
_2lcc _cBK |
||
| 999 |
_c3238 _d3238 |
||